000 00299nam a22001337a 4500
008 171016b xxu||||| |||| 00| 0 eng d
020 _a0070155666
041 _aeng
080 _27TH
_a331.101.262
100 _a52
101 _aBNJ
245 _aHUMAN BEHAVIOR AT WORK
_cDAVIS,K
942 _2udc
_cBK
999 _c34263
_d34263